| 000 | 00834nam a2200265 i 4500 | ||
|---|---|---|---|
| 001 | 16250 | ||
| 003 | BD-RjUL | ||
| 005 | 20211209000002.0 | ||
| 008 | 140213s1977 nyua b 001 0 eng | ||
| 020 | _a0070571457 : | ||
| 035 | _a(BD-RjUL)16305 | ||
| 040 |
_aDLC _cDLC _dDLC _dBD-RjUL _beng |
||
| 041 | _aeng | ||
| 082 | 0 | 0 |
_a660.2 _bSHC 1977 |
| 100 | 1 |
_aShreve, Randolph Norris _d1885-1975. _950258 |
|
| 245 | 1 | 0 |
_aChemical process industries / _cR. Norris Shreve, Joseph A. Brink, Jr. |
| 250 | _a4th ed. | ||
| 260 |
_aNew York : _bMcGraw-Hill, _cc1977. |
||
| 300 |
_axiii, 814 p. : _bill. : _c25 cm. |
||
| 504 | _aIncludes bibliographies and index. | ||
| 650 | 0 |
_aChemistry, Technical. _950259 |
|
| 700 | 1 |
_aBrink, Joseph A. _q(Joseph Andrew), _d1925-1979, _ejoint author. _950260 |
|
| 942 |
_2ddc _cBK _07 |
||
| 999 |
_c16250 _d16250 |
||